Direct and alternating currents : Theory and machinery
The aim of this book as set forth in the preface to the first edition remains unchanged. It is to provide a single-volume text covering circuit theory and machinery of direct and alternating currents that is suitable as a text in a first course for majors in electrical engineering and in survey cour...
Αποθηκεύτηκε σε:
| Κύριος συγγραφέας: | |
|---|---|
| Μορφή: | Βιβλίο |
| Γλώσσα: | Undetermined |
| Έκδοση: |
New York
McGraw-Hill
1954
|
| Θέματα: | |
| Ετικέτες: |
Προσθήκη ετικέτας
Δεν υπάρχουν, Καταχωρήστε ετικέτα πρώτοι!
|
| Thư viện lưu trữ: | Trung tâm Học liệu Trường Đại học Cần Thơ |
|---|
| LEADER | 00955nam a2200205Ia 4500 | ||
|---|---|---|---|
| 001 | CTU_20840 | ||
| 008 | 210402s9999 xx 000 0 und d | ||
| 082 | |a 621.313 | ||
| 082 | |b L827 | ||
| 100 | |a Loew, E. A. | ||
| 245 | 0 | |a Direct and alternating currents : | |
| 245 | 0 | |b Theory and machinery | |
| 245 | 0 | |c E. A. Loew assisted by F. R. Bergseth | |
| 260 | |a New York | ||
| 260 | |b McGraw-Hill | ||
| 260 | |c 1954 | ||
| 520 | |a The aim of this book as set forth in the preface to the first edition remains unchanged. It is to provide a single-volume text covering circuit theory and machinery of direct and alternating currents that is suitable as a text in a first course for majors in electrical engineering and in survey courses for majors in all other branches of engineering. | ||
| 650 | |a Electric currents,Electric machinery,Dòng điện,Máy điện | ||
| 904 | |i Minh, Hải | ||
| 980 | |a Trung tâm Học liệu Trường Đại học Cần Thơ | ||